=LDR 00000nam 2200000 4500 =001 INLIS000000000034347 =005 20130612140246 =008 ***********************************ind** =035 ##$$0010-061300000034347 =041 ##$$a ind =082 ##$$a 796.32 =090 ##$$a 796.32, Art b =100 ##$$a ARTISTIANA, Nenden Rilla =245 ##$$a Bermain voly, yuk !, Nenden Rilla Artistina ; penerjemah, Tim Aurora Angkasa Perdana =260 ##$$a 2008 $b Bogor =300 ##$$a iv, 57 hlm, ilus, 21 cm =650 ##$$a Bola Voly =710 ##$$a Tim Aurora Angkasa Perdana =850 ##$$a NBPNMAT =990 ##$$a 0001/BPAP-NTB/20142014 =990 ##$$a 0001/BPAP-NTB/2016 =990 ##$$a 1314813148 =990 ##$$a 01201713148 =990 ##$$a 0001/BPAP-NTB/20142014 =990 ##$$a 0001/BPAP-NTB/2016